000 nam a22 7a 4500
999 _c44372
_d44372
003 OSt
005 20180922150452.0
008 180922b xxu||||| |||| 00| 0 eng d
040 _cIIMT COLLEGE OF ENGINEERING,GREATER NOIDA
100 _aBALAGURSWAMY,E
245 _aPROGRAMMING IN ANSI C
260 _aNEW DELHI
_bTMH
_c2012
300 _a558
942 _2ddc
_c02